00410 2200157 4500001002100000008004100021035002000062245004100082100002400123260002500147300002400172020002200196084001400218082000800232990001200240INLIS000000000002843 IND  a0010-0925000190 aBerani MengubahcPandji Pragiwaksono aPandji Pragiwaksono aYogyabBentangc2012 a240c(13 x 20,5 cm) a978-602-5710-77-3 a813 PAN b a813 a0755065